Los Estudios latinoamericanos en Rusia y en la URSS /
Se realiza un análisis comparativo de los conflictos políticos en América Latina a partir de diferentes procesos históricos que han sido recopilados por varios investigadores. Se resalta la importancia del régimen democrático de cada país que alimenta de forma directa el desarollo de grupos militare...
Guardado en:
| Hovedforfatter: | |
|---|---|
| Format: | Texto |
| Fag: | |
| Tags: |
Tilføj Tag
Ingen Tags, Vær først til at tagge denne postø!
|
MARC
| LEADER | 00000 a a2200000 04500 | ||
|---|---|---|---|
| 001 | 16258 | ||
| 003 | |||
| 040 | |||
| 100 | |a Schelchkov, Andrei | ||
| 245 | |a Los Estudios latinoamericanos en Rusia y en la URSS / |c Andrei Schelchkov | ||
| 520 | |a Se realiza un análisis comparativo de los conflictos políticos en América Latina a partir de diferentes procesos históricos que han sido recopilados por varios investigadores. Se resalta la importancia del régimen democrático de cada país que alimenta de forma directa el desarollo de grupos militares, paramilitares o guerrillas | ||
| 650 | |a CIENCIAS SOCIALES | ||
| 650 | |a ANALISIS HISTORICO | ||
| 650 | |a INVESTIGACION INTERDISCIPLINARIA | ||
| 650 | |a INVESTIGACION CIENTIFICA | ||
| 650 | |a DESARROLLO CIENTIFICO | ||
| 650 | |a AMERICA LATINA | ||
| 650 | |a RUSIA | ||
| 773 | |g número 72; páginas 205-220 | ||
| 999 | |c 33069 |d 33069 | ||
